01449nam a2200301 a 4500001001000000005001700010008004100027041000800068044000800076084002000084100004500104245019100149250000600340260002600346300002200372500022400394500007000618500008800688500005000776500001000826546002400836650005200860650005600912650003400968650004501002700005001047740005001097BRCA_323120190320204157.0040309s1793----enka---###---#000-0#eng-# aeng aenk a532b.L39c17931 aCervantes Saavedra, Miguel ded1547-161610aThe History and Adventures of the Renowned Don QuixotecTranslated from the Spanish of Miguel de Cervantes Saavedra to wich is Prefixed some Account of the Author´s Life by T. Smollett. a6 aLondresbA. Lawc1793 a4 v.bil.c17 cm. aContenido : v.1. Primera parte. Vida de Cervantes. Nota del traductor. Prólogo del autor. -- v.2. Texto. -- v.3. Segunda parte. Prólogo de Cervantes. Aprobaciones y licencia de la edición Príncipe. -- v.4. Texto aEdición : Illustrated with 16 Copper-Plates Elengantly Engraved aSexta edición de la traducción de Smollett, copia de la quinta Lúdovik Osterc aEstado físico : Presentan diurex en el lomo aQM424 aTexto en : inglés14aNovela españolayÉpoca clásica, 1500-170014aLiteratura españolayÉpoca clásica, 1500-170014aNovela españolaySiglo XVII14aDon Quijote (Personaje ficticio)eNovela1 aSmollett, Tobias Georged1721-1771eTraductor0 aEl Ingenioso Hidalgo Don Quijote de la Mancha